Čekání na smích /
Uloženo v:
| Hlavní autor: | |
|---|---|
| Další autoři: | , , |
| Médium: | E-audiokniha |
| Jazyk: | Czech |
| Vydáno: |
Praha :
Voxi,
2026
|
| Témata: | |
| Tagy: |
Žádné tagy |
| LEADER | 03562nim a2200913 i 4500 | ||
|---|---|---|---|
| 001 | 313539 | ||
| 003 | CZ PrSKC | ||
| 005 | 20260601215745.0 | ||
| 007 | sd fungnnmmned | ||
| 008 | 260415p20262025xr nnnne a n cze | ||
| 015 | |a cnb003751136 | ||
| 020 | |a 9788074486647 : |c Kč 399,00 | ||
| 040 | |a ABA001 |b cze |e rda | ||
| 043 | |a e-xr--- | ||
| 045 | |a x4y2 | ||
| 072 | 7 | |a 7.01/.09 |x Umění |2 Konspekt | |
| 072 | 7 | |a 929 |x Biografie |2 Konspekt | |
| 080 | |a 070.42:654.198 |2 MRF | ||
| 080 | |a 78.071.1/.2 |2 MRF | ||
| 080 | |a 82-192-051 |2 MRF | ||
| 080 | |a 929 |2 MRF | ||
| 080 | |a (437.3) |2 MRF | ||
| 080 | |a (0:82-94) |2 MRF | ||
| 080 | |a (086.7)08 |2 MRF | ||
| 080 | |a (086.76) |2 MRF | ||
| 100 | 1 | |a Šíp, Karel, |d 1945- |7 jn99240001675 |4 aut | |
| 245 | 1 | 0 | |a Čekání na smích / |c Karel Šíp, Michael Čech |
| 264 | 1 | |a Praha : |b Voxi, |c 2026 | |
| 300 | |a 1 audiodisk (4 hod., 35 min.) ; |c 12 cm | ||
| 306 | |a 043500 | ||
| 336 | |a mluvené slovo |b spw |2 rdacontent | ||
| 337 | |a audio |b s |2 rdamedia | ||
| 338 | |a audiodisk |b sd |2 rdacarrier | ||
| 344 | |a digital |2 rdatr | ||
| 344 | |b optical |2 rdarm | ||
| 347 | |a audio soubor |2 rdaft | ||
| 347 | |b MP3 | ||
| 500 | |a Název z disku | ||
| 500 | |a Vydalo nakladatelství Voxi ve společnosti Albatros Media a.s. | ||
| 500 | |a Podle stejnojmenné knihy vydané nakladatelstvím XYZ v roce 2025 | ||
| 500 | |a Nezkrácená audiokniha ve formátu MP3 | ||
| 508 | |a Režie, Miloš Vrána | ||
| 511 | 0 | |a Čte Otakar Brousek ml. | |
| 518 | |o Nahráno |d 2025 |p studio ArtCrow Production | ||
| 600 | 1 | 7 | |a Šíp, Karel, |d 1945- |7 jn99240001675 |2 czenas |
| 648 | 7 | |a 20.-21. století |7 ch462155 |2 czenas | |
| 650 | 0 | 7 | |a televizní moderátoři |7 ph126512 |z Česko |y 20.-21. století |2 czenas |
| 650 | 0 | 7 | |a hudebníci |7 ph117204 |z Česko |y 20.-21. století |2 czenas |
| 650 | 0 | 7 | |a textaři |7 ph126620 |z Česko |y 20.-21. století |2 czenas |
| 650 | 0 | 9 | |a television journalists |z Czechia |y 20th-21st centuries |2 eczenas |
| 650 | 0 | 9 | |a musicians |z Czechia |y 20th-21st centuries |2 eczenas |
| 650 | 0 | 9 | |a lyricists |z Czechia |y 20th-21st centuries |2 eczenas |
| 655 | 7 | |a autobiografické vzpomínky |7 fd131854 |2 czenas | |
| 655 | 7 | |a audioknihy |7 fd119452 |2 czenas | |
| 655 | 7 | |a kompaktní disky |7 fd201991 |2 czenas | |
| 655 | 9 | |a autobiographical reminiscences |2 eczenas | |
| 655 | 9 | |a audiobooks |2 eczenas | |
| 655 | 9 | |a compact discs |2 eczenas | |
| 700 | 1 | |a Čech, Michael, |d 1967- |7 xx0205863 |4 aut | |
| 700 | 1 | |a Vrána, Miloš |7 xx0209201 |4 drt | |
| 700 | 1 | |a Brousek, Otakar, |d 1957- |7 jn19981000334 |4 stl | |
| 710 | 2 | |a Voxi (nakladatelství) |7 xx0342088 |4 pbl | |
| 900 | |a ABA001 |b 19 | ||
| 044 | |a xr | ||
| 505 | 0 | 0 | |t 00_Uvodni slovo (7 min., 49 sek.) |
| 505 | 0 | 0 | |t 01_Detstvi a studia (44 min., 40 sek.) |
| 505 | 0 | 0 | |t 02_Produkcni (5 min., 44 sek.) |
| 505 | 0 | 0 | |t 03_Hudebnik (47 min., 13 sek.) |
| 505 | 0 | 0 | |t 04_Komik nebo bavic (21 min., 18 sek.) |
| 505 | 0 | 0 | |t 05_Herec (46 min., 42 sek.) |
| 505 | 0 | 0 | |t 06_Mistr scenek (32 min., 41 sek.) |
| 505 | 0 | 0 | |t 07_Textar (21 min., 10 sek.) |
| 505 | 0 | 0 | |t 08_Milovnik sportu (19 min., 6 sek.) |
| 505 | 0 | 0 | |t 09_Vzory (12 min., 11 sek.) |
| 505 | 0 | 0 | |t 10_Moderator (11 min., 37 sek.) |
| 505 | 0 | 0 | |t 11_Co ted a co potom (4 min., 17 sek.) |
| 910 | |a RBIT002 | ||
| 998 | |d 424769 |a https://core.palmknihy.cz/api/books/424769/cover?t9cpbs |b https://core.palmknihy.cz/api/books/424769/cover/400?t9cpbs |c https://core.palmknihy.cz/api/books/424769/cover/50?t9cpbs |e 2035-12-31 |i 9788074486647 |l 16500 |q 49 |r 1 |s https://www.palmknihy.cz/kniha/424769 |t audiobook |y 2026 |z 0 | ||
| 999 | |d 313537 | ||